Lecturas rurales /
Guardado en:
| Autor Principal: | |
|---|---|
| Formato: | Libro |
| Publicado: |
Buenos Aires :
Esmeralda,
1907
|
| Materias: | |
| Etiquetas: |
Agregar Etiqueta
Sin Etiquetas, Sea el primero en etiquetar este registro!
|
| LEADER | 00427nam a22001575a 4500 | ||
|---|---|---|---|
| 001 | CEM.cems015955 | ||
| 005 | 20091207155241.0 | ||
| 008 | 130507s1907##################000#0#####d | ||
| 003 | CEMS | ||
| 082 | 0 | 4 | |a 630 |
| 100 | 1 | |a Lastra, R A | |
| 245 | 1 | 0 | |a Lecturas rurales / |c R A Lastra, |
| 260 | |a Buenos Aires : |b Esmeralda, |c 1907 | ||
| 300 | |a 348 p. | ||
| 653 | |a Agricultura | ||
| 859 | |a CEMS |b BIB. CEMS - Agricultura |h 630 |i L339 |p A5713.76 |t Ej.1 |v I |3 I | ||
